Statistics for Bible Challenge

Click here to take the quiz!

General Stats

  • This quiz has been taken 123 times
  • The average score is 8 of 19

Answer Stats

% Correct
Which Gospel is written by a doctor?Luke
76%
What does Golgotha mean? place of the…Skull
75%
How many minor prophets are there?12
69%
Who is the only woman whose age is mentioned in the Bible?Sarah
65%
The first Christian martyrStephen
61%
Which kind of bird brought Elijah food?Raven
59%
Where do we read about the valley of dry bones?Ezekiel
48%
Who told Naaman to wash 7 times in the river?Elisha
43%
What tribe is Paul from?Benjamin
40%
Who replaced Judas?Matthias
36%
Name given to first five books of Old TestamentPentateuch
29%
How many beatitudes are there?Eight
26%
Where did Jonah go instead of Nineveh?Tarshish
25%
Father of SamuelElkanah
19%
He was a cupbearerNehemiah
19%
Hebrew name of EstherHadassah
17%
What is Pishon?River
17%
Jewish holiday recorded in EstherPurim
16%
Pool mentioned in John’s GospelSiloam
16%

Score Distribution

Percentile by Number Answered

Percent of People with Each Score

Your Score History

You have not taken this quiz